Arsenal victories 24/25 - Statistics

General Stats
  • This quiz has been taken 43 times
    31 since last reset
  • The average score is 17 of 25
Answer Stats
Competition Club % Correct
Premier League ManCity
100%
Champions League Real Madrid
96%
Premier League Chelsea
88%
Premier League Tottenham
85%
Premier League ManUnited
81%
Premier League Southampton
81%
Premier League West Ham
81%
Premier League Wolves
81%
Premier League Aston Villa
77%
Carabao Cup, Premier League Crystal Palace
73%
Premier League Newcastle
73%
Champions League PSG
73%
Premier League Fulham
69%
Premier League Leicester
69%
Champions League PSV
69%
Premier League Brentford
65%
Premier League Ipswich
65%
Champions League Girona
62%
Premier League Nottingham Forrest
62%
Champions League Sporting
54%
Champions League Monaco
50%
Carabao Cup Bolton
46%
Carabao Cup Preston North
46%
Champions League Shakhtar Donetsk
42%
Champions League Dinamo Zagreb
38%
No matching quizzes found
Score Distribution
Percent of People with Each Score
Percentile by Number Answered
Your Score History
You have not taken this quiz since the last reset